01460nam a2200337 a 4500001001000000003000500010005001700015008004100032010001100073011001100084040000900095090001000104100003800114245014400152260004100296500006000337502007700397590004100474590004000515590004000555650003500595650004700630650006700677856007000744901000700814942001000821942000600831999001900837952013100856952013500987000113274CHAP20220329144347.0170530s2016 mx sm |||||||spa d a109735 a110707 cCHAP aTesis1 aHinojosa Durán, Araceli913239510aGerminación in vitro de semillas de albahaca (Osimun basilicum) y climatización de plantash[En línea]cpor Araceli Hinojosa Durán. aChapingo, Méx. :bEl autor,c2016. aPara ver el contenido del material haga clic en la liga aTesis (Ing. Agr. Esp. en Fitotecnia) -- UACH. Departamento de Fitotecnia aBATCH-UPDb05c20170530lUCH01h0909 aE5765TAJb05c20170530lUCH01h0908 aE5765TAJb05c20170530lUCH01h090914aAlbahacaxCrecimiento.913239714aAlbahacaxSemillasxGerminación.913239614aReguladores de crecimiento de las plantasxAnálisis.9131429 aFinding aiduhttp://10.13.5.2/tesis/sist113274.pdfzTeclea aquí aBK cTESIS n0 c109735d109735 00104054718TESISaBCbBCd2017-05-30fTESISl0oTesisp113276-10r2019-12-31 00:00:00w2019-12-31yTESISzRecien adquirido 00102local4053708TESISaBCbBCcPA_TESISd2017-05-30fTESISl0oTesisp113276-20r2019-12-31 00:00:00tc.2w2019-12-31yTESIS